| 000 | 00467nam a2200181Ia 4500 | ||
|---|---|---|---|
| 003 | OSt | ||
| 005 | 20240408103323.0 | ||
| 008 | 210210b1957 xxu||||| |||| 00| 0 eng d | ||
| 040 | _cAL | ||
| 041 | _aKannada | ||
| 082 | _a852/344 | ||
| 100 |
_aNIRANJANA ನಿರಂಜನ _9159370 |
||
| 245 |
_aPushpahara _bಪುಷ್ಪಹಾರ |
||
| 260 |
_aMangaLuru _bU R Shenoy & Sons _c1957 |
||
| 690 |
_aKannada Prose _9159371 |
||
| 906 | _a018913 | ||
| 942 |
_2ddc _cBK |
||
| 999 |
_c142719 _d142719 |
||